[Event "SR 2. liga A 2007/2008"]
[Site "?"]
[Date "2007.11.04"]
[Round "4"]
[White "Fabry, Robert"]
[Black "Szollos, Ondrej"]
[Result "1/2-1/2"]
[WhiteElo "2209"]
[BlackElo "2111"]
[PlyCount "46"]
[EventDate "2007.??.??"]

1. e4 d6 2. d4 c6 3. d5 e5 4. dxe6 Bxe6 5. Nc3 Qc7 6. Bf4 Nd7 7. Nf3 Ne5 8. Be2
Nxf3+ 9. Bxf3 Nf6 10. Qd4 Nd7 11. O-O Ne5 12. Be2 Be7 13. Rad1 O-O 14. Bg3 f5
15. exf5 Bxf5 16. Bxe5 dxe5 17. Qc4+ Kh8 18. Nd5 Qd8 19. Ne3 Qc8 20. Nxf5 Qxf5
21. Bg4 Qf6 22. Rd7 Rab8 23. Bf3 Qg5 1/2-1/2

[Event "SR 2. liga A 2007/2008"]
[Site "?"]
[Date "2007.11.04"]
[Round "4"]
[White "Hebelka, Milos"]
[Black "Sosovicka, Matej"]
[Result "1-0"]
[WhiteElo "2121"]
[BlackElo "1899"]
[PlyCount "69"]
[EventDate "2007.??.??"]

1. e4 e5 2. Nf3 Nc6 3. Bb5 a6 4. Ba4 Nf6 5. d3 b5 6. Bb3 Be7 7. a3 d6 8. h3 O-O
9. Nc3 Be6 10. Nd5 Bxd5 11. exd5 Na5 12. Ba2 Ne8 13. O-O f5 14. Re1 Kh8 15. Bd2
Nb7 16. Qc1 Qd7 17. c4 Nc5 18. Qc2 e4 19. dxe4 fxe4 20. Nd4 Bh4 21. Re2 Nd3 22.
Rf1 Rf6 23. cxb5 Qf7 24. f3 exf3 25. Nxf3 Ne5 26. Bb1 Ng6 27. Bc3 Rf4 28. Re4
Be7 29. Rxf4 Qxf4 30. Qe2 Bf6 31. Ne5 Qg3 32. Nxg6+ hxg6 33. Rf3 Qh4 34. Bxg6
Qh6 35. Bxe8 1-0

[Event "SR 2. liga A 2007/2008"]
[Site "?"]
[Date "2007.11.04"]
[Round "4"]
[White "Jurcak, Marian"]
[Black "Janos, Jozef"]
[Result "1/2-1/2"]
[WhiteElo "1891"]
[BlackElo "2256"]
[PlyCount "111"]
[EventDate "2007.??.??"]

1. e4 c5 2. Nf3 e6 3. d4 cxd4 4. Nxd4 a6 5. Nc3 Qc7 6. Be2 Nf6 7. Qd3 Nc6 8. a3
Nxd4 9. Qxd4 Bc5 10. Qd3 b5 11. O-O Bb7 12. Be3 Be7 13. Bf3 d6 14. e5 Nd5 15.
Nxd5 exd5 16. Bxd5 dxe5 17. Bxb7 Qxb7 18. Qf5 O-O 19. c3 Bf6 20. Rad1 Qc6 21.
Rd3 g6 22. Qg4 Rfd8 23. Rfd1 h5 24. Qe2 Rxd3 25. Rxd3 Rd8 26. Rxd8+ Bxd8 27.
Qd3 Be7 28. h3 Qe6 29. Qe4 Kg7 30. a4 Qd6 31. axb5 axb5 32. Qc2 f5 33. f3 Qc6
34. b3 Bd6 35. c4 Kf7 36. Qe2 Bc5 37. Bxc5 Qxc5+ 38. Kf1 b4 39. Qd2 Qa5 40.
Qd7+ Kf6 41. Qd6+ Kf7 42. Qd2 Ke6 43. Ke2 Ke7 44. Qc2 Qc5 45. Qd2 Qa5 46. Kf2
Ke6 47. Kg3 f4+ 48. Kf2 Qa7+ 49. Ke2 Qg1 50. Qd5+ Kf6 51. Qd6+ Kf7 52. Qd7+ Kf6
53. Qd8+ Kf7 54. Qd7+ Kf6 55. Qd6+ Kf7 56. Qd7+ 1/2-1/2

[Event "SR 2. liga A 2007/2008"]
[Site "?"]
[Date "2007.11.04"]
[Round "4"]
[White "Mikulas, Dusan"]
[Black "Sosovicka, Juraj"]
[Result "0-1"]
[WhiteElo "2182"]
[BlackElo "1902"]
[PlyCount "122"]
[EventDate "2007.??.??"]

1. e4 e5 2. Nf3 Nc6 3. Bb5 a6 4. Ba4 Nf6 5. O-O Be7 6. Re1 b5 7. Bb3 d6 8. c3
O-O 9. h3 Na5 10. Bc2 c5 11. d4 Qc7 12. d5 Ne8 13. a4 Rb8 14. axb5 axb5 15. Bg5
f6 16. Bh4 g6 17. Nh2 Ng7 18. Nd2 Bd7 19. Ndf1 Ra8 20. b3 Nb7 21. Qd2 Qb6 22.
Ng4 Bxg4 23. hxg4 Ra6 24. Bd3 Rfa8 25. Rxa6 Rxa6 26. Qe2 Ra5 27. b4 Ra3 28. Qb2
cxb4 29. Qxb4 Qc5 30. Qxb5 Qxb5 31. Bxb5 Rxc3 32. Ra1 Nc5 33. Ra7 Kf7 34. f3
Rb3 35. Bc6 h5 36. Be1 hxg4 37. Ba5 Ra3 38. Nd2 gxf3 39. gxf3 Ra1+ 40. Kf2 Ra2
41. Ke3 f5 42. Bb6 Rxa7 43. Bxa7 Bg5+ 44. Ke2 Bxd2 45. Kxd2 fxe4 46. Bxc5 dxc5
47. fxe4 Ne8 48. Ke3 Nd6 49. Ba4 Kf6 50. Kf3 g5 51. Bc2 Nc4 52. Bd1 g4+ 53. Kg3
Na3 54. Kf2 g3+ 55. Kxg3 c4 56. Kf2 c3 57. Ke3 c2 58. Bxc2 Nxc2+ 59. Kd3 Na3
60. Kc3 Nb5+ 61. Kb4 Nd6 0-1

[Event "SR 2. liga A 2007/2008"]
[Site "?"]
[Date "2007.11.04"]
[Round "4"]
[White "Zitniak, Jozef"]
[Black "Kolman, Richard"]
[Result "0-1"]
[WhiteElo "1992"]
[BlackElo "2103"]
[PlyCount "60"]
[EventDate "2007.??.??"]

1. e4 c5 2. c3 Qa5 3. Nf3 Nc6 4. Na3 Nf6 5. Nc4 Qc7 6. d3 b5 7. Ne3 a6 8. Be2
e6 9. h3 Be7 10. Nh2 Bb7 11. Nhg4 O-O 12. O-O Rfd8 13. Nxf6+ Bxf6 14. Ng4 Be7
15. f4 d5 16. e5 d4 17. Qc2 Rd7 18. Nh2 Rad8 19. Nf3 c4 20. cxd4 Nxd4 21. Nxd4
Bc5 22. dxc4 Rxd4 23. Kh1 Be4 24. Qc3 Rd3 25. Bxd3 Rxd3 26. cxb5 Rxc3 27. bxc3
Qb7 28. Rd1 Bxg2+ 29. Kh2 h6 30. bxa6 Qf3 0-1

[Event "SR 2. liga A 2007/2008"]
[Site "?"]
[Date "2007.11.04"]
[Round "4.1"]
[White "Janos, Martin"]
[Black "Cvicela, Anton"]
[Result "1-0"]
[WhiteElo "2262"]
[BlackElo "2251"]
[PlyCount "55"]
[EventDate "2007.??.??"]

1. d4 d5 2. c4 c6 3. Nc3 Nf6 4. e3 e6 5. Nf3 Nbd7 6. cxd5 exd5 7. Bd3 Be7 8. h3
O-O 9. O-O Re8 10. b3 Nf8 11. Bb2 Ng6 12. Rc1 Bd6 13. Qc2 Bd7 14. Rcd1 Rc8 15.
Qb1 Bb8 16. Rfe1 Qc7 17. e4 dxe4 18. Nxe4 Nd5 19. Neg5 f6 20. Re5 fxe5 21. Bxg6
e4 22. Bxh7+ Kh8 23. Ne5 Rxe5 24. dxe5 Rf8 25. Qxe4 Rf4 26. Qe2 Rh4 27. Be4 Nf6
28. g3 1-0

[Event "SR 2. liga A 2007/2008"]
[Site "?"]
[Date "2007.11.04"]
[Round "4.1"]
[White "Mihalik, Marek"]
[Black "Varga, David"]
[Result "0-1"]
[WhiteElo "2111"]
[BlackElo "2293"]
[PlyCount "76"]
[EventDate "2007.??.??"]

1. d4 e6 2. c4 Nf6 3. Nc3 d5 4. Bg5 Nbd7 5. e3 Be7 6. Nf3 O-O 7. Bd3 dxc4 8.
Bxc4 b6 9. O-O Bb7 10. Qe2 h6 11. Bh4 Ne4 12. Bxe7 Qxe7 13. Nxe4 Bxe4 14. Rac1
c5 15. Bb5 Rac8 16. Rfd1 cxd4 17. Bxd7 d3 18. Qd2 Qxd7 19. Rxc8 Qxc8 20. Ne1
Rd8 21. f3 Bb7 22. b4 Ba6 23. a4 Bc4 24. Rc1 Qa6 25. Ra1 Bb3 26. a5 Qc4 27.
axb6 axb6 28. Kf2 e5 29. Ra3 f5 30. g3 e4 31. Ra7 Rc8 32. Rd7 Qc1 33. Qxc1 Rxc1
34. fxe4 fxe4 35. h3 Rd1 36. Rd4 b5 37. Rxe4 d2 38. Nf3 Rf1+ 0-1

[Event "SR 2. liga A 2007/2008"]
[Site "?"]
[Date "2007.11.04"]
[Round "4.1"]
[White "Schwarz, Dusan"]
[Black "Likavsky, Tomas"]
[Result "1/2-1/2"]
[WhiteElo "2284"]
[BlackElo "2496"]
[PlyCount "165"]
[EventDate "2007.??.??"]

1. Nf3 e6 2. c4 d5 3. d4 a6 4. Nc3 dxc4 5. a4 Nf6 6. e3 c5 7. Bxc4 Nc6 8. O-O
Be7 9. Qe2 cxd4 10. Rd1 e5 11. exd4 exd4 12. Nxd4 Nxd4 13. Qe5 Qd6 14. Qxd6
Bxd6 15. Rxd4 Bc5 16. Rd1 O-O 17. h3 Be6 18. Bxe6 fxe6 19. Be3 Bxe3 20. fxe3
Rad8 21. g4 Kf7 22. Kf2 Ke7 23. Ke2 Rxd1 24. Rxd1 Rc8 25. Rd4 a5 26. Kf3 h6 27.
h4 Rc5 28. Ne4 Rc2 29. Nxf6 gxf6 30. b4 b6 31. bxa5 bxa5 32. Ke4 Rc3 33. h5 Rc5
34. Rd1 f5+ 35. gxf5 Rxf5 36. Rh1 Rd5 37. Rh2 Kf6 38. Rf2+ Ke7 39. Rh2 Kd6 40.
Kf4 Rf5+ 41. Ke4 Rg5 42. Kf4 Rf5+ 43. Ke4 Rc5 44. Kd4 Rc1 45. Rb2 Rd1+ 46. Ke4
Rh1 47. Rb6+ Ke7 48. Kd4 Rxh5 49. e4 Kf6 50. Rb1 Rg5 51. Rf1+ Kg6 52. e5 Rf5
53. Re1 Rf4+ 54. Kc5 Rxa4 55. Kd6 Kf5 56. Rf1+ Rf4 57. Rxf4+ Kxf4 58. Kxe6 a4
59. Kd5 a3 60. e6 a2 61. e7 a1=Q 62. e8=Q Qd1+ 63. Kc5 Qc2+ 64. Kb6 Qb3+ 65.
Ka6 Qd3+ 66. Ka5 Qd5+ 67. Ka6 h5 68. Qf8+ Qf5 69. Qd6+ Kg5 70. Qd2+ Kg6 71.
Qg2+ Kh6 72. Qd2+ Qg5 73. Qd4 h4 74. Qh8+ Kg6 75. Qe8+ Kh7 76. Qf7+ Qg7 77. Qf3
Qg6+ 78. Kb5 Kh6 79. Kc4 Qe6+ 80. Kd4 Kg5 81. Qe3+ Qxe3+ 82. Kxe3 Kg4 83. Kf2
1/2-1/2

[Event "SR 2. liga A 2007/2008"]
[Site "?"]
[Date "2007.11.04"]
[Round "4.1"]
[White "Vass, Frantisek"]
[Black "Tibensky, Robert"]
[Result "1/2-1/2"]
[WhiteElo "2417"]
[BlackElo "2431"]
[PlyCount "25"]
[EventDate "2007.??.??"]
[TimeControl "240+2"]

{74MB, Hiarcs10.ctg} 1. d4 c5 2. e3 Nf6 3. c4 g6 4. Nf3 Bg7 5. Nc3 O-O 6. Be2
cxd4 7. exd4 d5 8. cxd5 Nxd5 9. O-O Nc6 10. h3 b6 11. Qb3 Be6 12. Qa4 Na5 13.
Rd1 1/2-1/2

[Event "SR 2. liga A 2007/2008"]
[Site "?"]
[Date "2007.11.04"]
[Round "4.2"]
[White "Maslik, Miroslav"]
[Black "Balogh, Tomas"]
[Result "1/2-1/2"]
[WhiteElo "2298"]
[BlackElo "2362"]
[PlyCount "39"]
[EventDate "2007.??.??"]
[TimeControl "240+2"]

{74MB, Hiarcs10.ctg} 1. e4 e5 2. Nf3 Nf6 3. Nxe5 d6 4. Nf3 Nxe4 5. d4 d5 6. Bd3
Be7 7. O-O Nc6 8. c4 Bg4 9. cxd5 Qxd5 10. Nc3 Nxc3 11. bxc3 Bxf3 12. Qxf3 Qxf3
13. gxf3 O-O 14. Rb1 Rab8 15. Re1 Bd6 16. Bg5 h6 17. Be3 b6 18. Kg2 Ne7 19. c4
Ng6 20. Bxg6 1/2-1/2

[Event "SR 2. liga A 2007/2008"]
[Site "?"]
[Date "2007.11.04"]
[Round "4.2"]
[White "Pagerka, Martin"]
[Black "Pacher, Milan"]
[Result "0-1"]
[WhiteElo "2099"]
[BlackElo "2328"]
[PlyCount "88"]
[EventDate "2007.??.??"]

1. e4 e5 2. Nf3 Nc6 3. Bb5 Nf6 4. O-O Nxe4 5. d4 Nd6 6. Bxc6 dxc6 7. dxe5 Nf5
8. Qxd8+ Kxd8 9. Nc3 h6 10. Ne4 Be6 11. h3 b6 12. b3 c5 13. Bb2 a5 14. c4 Kc8
15. Rfd1 Ne7 16. Nc3 Nc6 17. Nd5 a4 18. Bc3 Kb7 19. Kf1 g5 20. Nf6 Be7 21. Nd5
Rhe8 22. Nd2 Bf5 23. Re1 Bf8 24. Nf6 Red8 25. Nde4 Bg7 26. Rac1 axb3 27. axb3
Ra3 28. Nd2 Nd4 29. Bb2 Ra2 30. Bxd4 cxd4 31. Rcd1 Bc2 32. Nf3 Bxd1 33. Rxd1
Bxf6 34. exf6 c5 35. Ne5 Rd6 36. Nd3 Rxf6 37. f3 Re6 38. b4 Kc6 39. bxc5 bxc5
40. Re1 Rxe1+ 41. Kxe1 Rxg2 42. Ne5+ Kb6 43. Nxf7 Rg3 44. Nxh6 Rxh3 0-1

[Event "SR 2. liga A 2007/2008"]
[Site "?"]
[Date "2007.11.04"]
[Round "4.2"]
[White "Petenyi, Tamas"]
[Black "Blatnicky, Miroslav"]
[Result "1-0"]
[WhiteElo "2196"]
[BlackElo "2135"]
[PlyCount "103"]
[EventDate "2007.??.??"]

1. e4 e6 2. d4 d5 3. Nd2 Nf6 4. e5 Nfd7 5. Bd3 c5 6. c3 Nc6 7. Ne2 Qb6 8. Nf3
cxd4 9. cxd4 Bb4+ 10. Kf1 Be7 11. g3 f6 12. exf6 Nxf6 13. Qb3 Qxb3 14. axb3 O-O
15. Kg2 Bd7 16. Nf4 Bb4 17. Bb5 Ne4 18. h4 Rf6 19. Be3 a6 20. Rhc1 Rc8 21. Bxc6
Bxc6 22. Ne5 Bd2 23. Rc2 Bxe3 24. fxe3 Rb8 25. Ng4 Rf7 26. Ne5 Rf6 27. Ra3 Be8
28. Rc7 Nd6 29. Ra1 h6 30. h5 Nf5 31. Kf2 Nd6 32. g4 Ne4+ 33. Kg2 Ng5 34. Rac1
Bc6 35. Rc2 Rff8 36. Nfg6 Rfe8 37. Rf2 Kh7 38. Rf4 Rbc8 39. Rxc8 Rxc8 40. Ne7
Rc7 41. N5g6 Rxe7 42. Nxe7 Bb5 43. Rf8 Bd3 44. Rb8 b5 45. b4 Nf7 46. Rb6 Be4+
47. Kg3 e5 48. Rxa6 exd4 49. exd4 Ng5 50. Rd6 Bf3 51. Rd7 Be4 52. Nxd5 1-0

[Event "SR 2. liga A 2007/2008"]
[Site "?"]
[Date "2007.11.04"]
[Round "4.2"]
[White "Skreno, Vladimir"]
[Black "Machalova, Erika"]
[Result "1-0"]
[WhiteElo "2062"]
[BlackElo "2094"]
[PlyCount "83"]
[EventDate "2007.??.??"]

1. d4 Nf6 2. Nf3 e6 3. c4 b6 4. g3 Bb7 5. Bg2 Be7 6. O-O O-O 7. d5 exd5 8. Nh4
Ne4 9. cxd5 Bxh4 10. Bxe4 Bf6 11. Qc2 g6 12. Bh6 Re8 13. Nc3 Na6 14. Bg2 Bh8
15. h4 d6 16. h5 Qf6 17. Be3 Qe5 18. hxg6 hxg6 19. Rad1 Qh5 20. Bf3 Qh3 21. Qa4
Be5 22. Bg4 Qh8 23. Kg2 Nc5 24. Qc2 Qf6 25. Rh1 c6 26. Bf3 cxd5 27. Nxd5 Bxd5
28. Bxd5 Rac8 29. Rh6 Ne6 30. Qa4 Bxb2 31. Qxa7 b5 32. Qd7 Be5 33. Rdh1 Qf5 34.
Qxb5 Bg7 35. Rh7 Nc7 36. Rxg7+ Kxg7 37. Qb2+ f6 38. Bh6+ Kh7 39. Bf8+ Qh5 40.
Rxh5+ gxh5 41. Qc2+ Kh8 42. Qg6 1-0

[Event "SR 2. liga A 2007/2008"]
[Site "?"]
[Date "2007.11.04"]
[Round "4.3"]
[White "Farkas, Gabor"]
[Black "Janos, Ivan"]
[Result "1-0"]
[WhiteElo "2333"]
[BlackElo "2120"]
[PlyCount "75"]
[EventDate "2007.??.??"]
[TimeControl "240+2"]

{74MB, Hiarcs10.ctg} 1. e4 c5 2. Nf3 e6 3. b4 d6 4. Bb2 Qb6 5. b5 a6 6. Na3
axb5 7. Bxb5+ Bd7 8. Qe2 Bxb5 9. Qxb5+ Nd7 10. O-O Ra5 11. Qb3 Qa6 12. c4 Ngf6
13. Nb5 Qb6 14. e5 dxe5 15. Nxe5 Bd6 16. Nxd7 Kxd7 17. Bc3 Ra6 18. Rab1 Rha8
19. Bxf6 gxf6 20. Qf3 Be5 21. d4 cxd4 22. Nxd4 Bxd4 23. Rxb6 Rxb6 24. Qd3 e5
25. a3 Ke7 26. Qxh7 Rb2 27. h4 Rxa3 28. h5 Raa2 29. Qe4 Bxf2+ 30. Kh1 Bd4 31.
h6 Rxg2 32. Qxb7+ Kf8 33. Qxg2 Rxg2 34. Kxg2 Kg8 35. Rxf6 Kh7 36. Kf1 e4 37.
Rxf7+ Kxh6 38. Rf4 1-0

[Event "SR 2. liga A 2007/2008"]
[Site "?"]
[Date "2007.11.04"]
[Round "4.3"]
[White "Kleman, Miroslav"]
[Black "Polasek, Filip"]
[Result "0-1"]
[WhiteElo "2097"]
[BlackElo "2102"]
[PlyCount "92"]
[EventDate "2007.??.??"]

1. Nf3 d5 2. d3 e6 3. Nbd2 Nf6 4. b3 c5 5. e4 d4 6. a4 Nc6 7. Nc4 Qc7 8. Be2
Be7 9. O-O O-O 10. Bd2 e5 11. h3 Ne8 12. Nh2 f5 13. exf5 Bxf5 14. Bg4 Nd6 15.
Bxf5 Rxf5 16. Qe2 Nxc4 17. bxc4 Raf8 18. f3 b6 19. Qe4 Bg5 20. Bxg5 Rxg5 21.
Rfe1 Nb4 22. Qe2 Qd7 23. Kh1 h5 24. a5 b5 25. Qd2 Rgf5 26. cxb5 Qxb5 27. g4
hxg4 28. hxg4 Rf4 29. Rxe5 Qc6 30. Rae1 Nd5 31. R1e4 Ne3 32. c4 Rxe4 33. Rxe4
Qa4 34. Rxe3 dxe3 35. Qxe3 Qxa5 36. Qe6+ Kh8 37. g5 Qb6 38. Qg4 Qg6 39. Kg2 a5
40. f4 Qf5 41. Qh4+ Kg8 42. Qe1 Qxf4 43. Qxa5 Qxg5+ 44. Kh1 Rf2 45. Qa8+ Kh7
46. Qe4+ g6 0-1

[Event "SR 2. liga A 2007/2008"]
[Site "?"]
[Date "2007.11.04"]
[Round "4.3"]
[White "Kovacova, Zuzana"]
[Black "Hertel, Ondrej"]
[Result "1/2-1/2"]
[WhiteElo "2108"]
[BlackElo "2051"]
[PlyCount "51"]
[EventDate "2007.??.??"]

1. e4 c6 2. d4 d5 3. Nc3 dxe4 4. Nxe4 Nd7 5. Nf3 Ngf6 6. Nxf6+ Nxf6 7. c3 Bg4
8. h3 Bh5 9. Be2 e6 10. Ne5 Bxe2 11. Qxe2 Qc7 12. O-O Bd6 13. Re1 O-O 14. Bd2
c5 15. dxc5 Qxc5 16. Nf3 Rac8 17. Rec1 Qc4 18. Qxc4 Rxc4 19. Be3 Bc5 20. Re1
Bxe3 21. Rxe3 Rd8 22. Ree1 Rc5 23. Rad1 Rcd5 24. Rxd5 Rxd5 25. c4 Rd3 26. Kf1
1/2-1/2

[Event "SR 2. liga A 2007/2008"]
[Site "?"]
[Date "2007.11.04"]
[Round "4.3"]
[White "Pusec, Pavel"]
[Black "Csiba, Dominik"]
[Result "1-0"]
[WhiteElo "2105"]
[BlackElo "2111"]
[PlyCount "79"]
[EventDate "2007.??.??"]

1. Nf3 Nf6 2. d4 g6 3. Nc3 d5 4. Bf4 Bg7 5. e3 O-O 6. Be2 c5 7. Ne5 Nc6 8. O-O
cxd4 9. Nxc6 bxc6 10. exd4 Nd7 11. Be3 Rb8 12. Na4 c5 13. dxc5 Qa5 14. c3 Bb7
15. b4 Qc7 16. b5 Nf6 17. c6 Bc8 18. Nc5 a6 19. a4 Ne4 20. Nxe4 dxe4 21. Qc2 f5
22. g3 Kh8 23. Rad1 h6 24. Bd4 e5 25. Bc5 Be6 26. Bd6 Qf7 27. Bxb8 Rxb8 28. c4
Qc7 29. Qd2 Bf8 30. Qc3 Kh7 31. a5 Bg7 32. Qb4 Bf8 33. Qa4 f4 34. b6 Qf7 35. c7
Rc8 36. c5 Qf5 37. g4 Qg5 38. Qxe4 Bxg4 39. Bxg4 Qxg4+ 40. Qg2 1-0

[Event "SR 2. liga A 2007/2008"]
[Site "?"]
[Date "2007.11.04"]
[Round "4.4"]
[White "Bebiak, Jozef"]
[Black "Manak, Jozef"]
[Result "1-0"]
[WhiteElo "2152"]
[BlackElo "2042"]
[PlyCount "44"]
[EventDate "2007.??.??"]

1. e4 c5 2. c3 d5 3. exd5 Qxd5 4. d4 e6 5. Nf3 cxd4 6. cxd4 Nf6 7. Nc3 Bb4 8.
Bd3 Qd8 9. O-O O-O 10. Bg5 Be7 11. Rc1 Nc6 12. Bb1 Nd5 13. Qd3 f5 14. Bxe7 Qxe7
15. Rfe1 Qf6 16. Nxd5 exd5 17. a3 Bd7 18. Ba2 Be6 19. Qb5 Ne7 20. Rc7 a6 21.
Qc5 Rf7 22. Qd6 Nc8 1-0

[Event "SR 2. liga A 2007/2008"]
[Site "?"]
[Date "2007.11.04"]
[Round "4.4"]
[White "Gajarsky, Roman"]
[Black "Cibicek, Jozef"]
[Result "0-1"]
[WhiteElo "1981"]
[BlackElo "1996"]
[PlyCount "56"]
[EventDate "2007.??.??"]

1. e4 c6 2. d4 d5 3. exd5 cxd5 4. Nc3 Nc6 5. Bb5 Bf5 6. Bxc6+ bxc6 7. Nge2 Nf6
8. f3 e6 9. Na4 Nd7 10. c3 Bd6 11. Bf4 e5 12. dxe5 Nxe5 13. Bxe5 Bxe5 14. O-O
O-O 15. f4 Bd6 16. Ng3 Bc8 17. Qf3 Ba6 18. Rfe1 Bb5 19. b3 Qh4 20. Nf5 Qxf4 21.
Qxf4 Bxf4 22. Nc5 Rfe8 23. a4 Be2 24. Kf2 Bg4 25. Ne7+ Rxe7 26. Rxe7 Bd6 27.
Rb7 Bxc5+ 28. Kg3 Bc8 0-1

[Event "SR 2. liga A 2007/2008"]
[Site "?"]
[Date "2007.11.04"]
[Round "4.4"]
[White "Hecko, Dusan"]
[Black "Polacik, Igor"]
[Result "1/2-1/2"]
[WhiteElo "2123"]
[BlackElo "2130"]
[Annotator "Fritz 9 (20s)"]
[PlyCount "25"]
[EventDate "2007.??.??"]

{C49: Four Knights: 4 Bb5 Bb4} 1. e4 e5 2. Nc3 Nf6 3. Nf3 Nc6 4. Bb5 Bb4 5. O-O
O-O 6. d3 d6 7. Bg5 Bxc3 8. bxc3 Qe7 9. Nd2 $2 ({kniz. Fritz} 9. Re1 Nd8 10. d4
Ne6 11. Bc1) 9... h6 10. Bh4 g5 $6 {novinka} ({kniz. Fritz} 10... Nd8 11. Re1
Ne6 12. Nf1 Nf4 13. Ne3 c6 14. Bc4 Ng6 15. Bg3 Be6 16. Qf3 Nh7 17. Bb3 Rad8 18.
Rab1 b6 19. Nf5 Qf6 20. d4) 11. Bg3 Nd8 12. d4 Bg4 13. Be2 1/2-1/2

[Event "SR 2. liga A 2007/2008"]
[Site "?"]
[Date "2007.11.04"]
[Round "4.4"]
[White "Syrovy, Ivan"]
[Black "Horvath, Mario"]
[Result "0-1"]
[WhiteElo "2083"]
[BlackElo "2283"]
[PlyCount "90"]
[EventDate "2007.??.??"]
[TimeControl "240+2"]

{74MB, Hiarcs10.ctg} 1. e4 c5 2. Nf3 d6 3. d4 cxd4 4. Nxd4 Nf6 5. Nc3 g6 6. Be3
Bg7 7. f3 O-O 8. Qd2 Nc6 9. Bc4 Bd7 10. O-O-O Qa5 11. g4 Rfc8 12. Bb3 Ne5 13.
Kb1 b5 14. h4 Nc4 15. Bxc4 bxc4 16. h5 Rab8 17. Ka1 Rb6 18. hxg6 fxg6 19. g5
Qb4 20. Rb1 Nh5 21. Rhd1 Ra6 22. Nde2 Be6 23. Bd4 Bxd4 24. Qxd4 Rc5 25. Qe3
Rca5 26. Nc1 Qb6 27. Qxb6 axb6 28. Rg1 Nf4 29. a3 Nh3 30. Rf1 Rxg5 31. N1a2 Nf4
32. Nb4 Ra8 33. Nc6 Kf7 34. Rbe1 h5 35. Ne2 Nxe2 36. Rxe2 Rg3 37. c3 Rf8 38. f4
Bg4 39. Ree1 Rf3 40. e5 Rxf1 41. Rxf1 Ke6 42. exd6 exd6 43. Nd4+ Kd5 44. Kb1
Rf6 45. Kc1 Ke4 0-1

[Event "SR 2. liga A 2007/2008"]
[Site "?"]
[Date "2007.11.04"]
[Round "4.5"]
[White "Flak, Juraj"]
[Black "Diviak, Rastislav"]
[Result "1/2-1/2"]
[WhiteElo "2123"]
[BlackElo "2130"]
[PlyCount "27"]
[EventDate "2007.??.??"]

1. e4 c5 2. Nf3 d6 3. d4 cxd4 4. Nxd4 Nf6 5. Nc3 a6 6. Be2 e6 7. Be3 Be7 8. Qd2
O-O 9. f4 Qc7 10. Bf3 Nbd7 11. O-O Rb8 12. a4 b6 13. Rae1 Bb7 14. Bf2 1/2-1/2

[Event "SR 2. liga A 2007/2008"]
[Site "?"]
[Date "2007.11.04"]
[Round "4.5"]
[White "Goga, Frantisek"]
[Black "Kollarik, Gorazd"]
[Result "1/2-1/2"]
[WhiteElo "1986"]
[BlackElo "1972"]
[PlyCount "54"]
[EventDate "2007.??.??"]

1. e4 d5 2. exd5 Qxd5 3. Nc3 Qa5 4. d4 c6 5. Bc4 Nf6 6. Bd2 Bf5 7. Nd5 Qd8 8.
Nxf6+ gxf6 9. Nf3 Bg7 10. c3 Nd7 11. Nh4 Bg6 12. Nxg6 hxg6 13. Qb3 O-O 14. h4
Nb6 15. Bd3 Qd5 16. Qc2 Qe6+ 17. Kf1 Qd5 18. h5 Rfd8 19. hxg6 fxg6 20. Bxg6 c5
21. Bh6 cxd4 22. Bh7+ Kf8 23. Bxg7+ Kxg7 24. Be4 d3 25. Rh7+ Kf8 26. Rh8+ Kg7
27. Rh7+ Kf8 1/2-1/2

[Event "SR 2. liga A 2007/2008"]
[Site "?"]
[Date "2007.11.04"]
[Round "4.5"]
[White "Janko, Ladislav"]
[Black "Beles, Milan"]
[Result "1-0"]
[WhiteElo "2195"]
[BlackElo "2105"]
[PlyCount "113"]
[EventDate "2007.??.??"]
[TimeControl "240+2"]

{74MB, Hiarcs10.ctg} 1. e4 c5 2. Nf3 d6 3. c3 Nf6 4. h3 Nc6 5. Bd3 g6 6. Bc2
Bg7 7. d3 O-O 8. Nbd2 d5 9. O-O dxe4 10. dxe4 b6 11. Qe2 Qc7 12. Re1 Nh5 13.
Nf1 Ne5 14. g4 Nxf3+ 15. Qxf3 Nf6 16. Bf4 Qc6 17. Rad1 Be6 18. Ne3 Rad8 19. Bg5
Rfe8 20. Qg2 b5 21. f4 Bxa2 22. Ra1 Bc4 23. Nxc4 bxc4 24. Ba4 Qb6 25. Bxe8 Rxe8
26. e5 Nd7 27. Qd5 Nf8 28. Re2 Ne6 29. Qxc4 h6 30. Bh4 g5 31. fxg5 hxg5 32. Bg3
Qb7 33. Rf1 Qd7 34. Qe4 Rd8 35. Ref2 Rf8 36. h4 gxh4 37. Bxh4 Nc7 38. Bg5 Ne6
39. Be3 f6 40. exf6 Rxf6 41. g5 Rxf2 42. Rxf2 Qd6 43. Qf3 Nd8 44. Rd2 Qc7 45.
Bf4 Qb6 46. Qd5+ Nf7 47. Be3 Qc7 48. Rg2 Qd6 49. c4 Qg6 50. Qa8+ Kh7 51. Rh2+
Bh6 52. Qg2 Qb1+ 53. Kf2 Qxb2+ 54. Kf3 Ne5+ 55. Kg3 Qxg2+ 56. Kxg2 Ng4 57.
Rxh6+ 1-0

[Event "SR 2. liga A 2007/2008"]
[Site "?"]
[Date "2007.11.04"]
[Round "4.5"]
[White "Pericka, Tomas"]
[Black "Slovik, Vojtech"]
[Result "1-0"]
[WhiteElo "1895"]
[BlackElo "2037"]
[PlyCount "79"]
[EventDate "2007.??.??"]

1. e4 e6 2. d4 d5 3. Nc3 Bb4 4. a3 Bxc3+ 5. bxc3 dxe4 6. Qg4 Nf6 7. Qxg7 Rg8 8.
Qh6 Rg6 9. Qd2 Bd7 10. Ne2 Ba4 11. Nf4 Rg8 12. g3 Nbd7 13. c4 Nb6 14. c3 Bc6
15. Ng2 e3 16. Qxe3 Nxc4 17. Bxc4 Bxg2 18. Rg1 Bd5 19. Be2 Qd6 20. Qf4 Qxf4 21.
Bxf4 O-O-O 22. f3 Nh5 23. Be3 Rd6 24. c4 Bc6 25. Kf2 Ba4 26. Rgc1 a6 27. Rab1
Ng7 28. c5 Rd5 29. g4 h5 30. Rb4 Bc6 31. Rcb1 a5 32. R4b2 Rh8 33. Kg3 Re8 34.
Bc4 Rdd8 35. Bb5 Bxb5 36. Rxb5 hxg4 37. Rxb7 Nf5+ 38. Kf2 Nxe3 39. c6 g3+ 40.
Kxe3 1-0

[Event "SR 2. liga A 2007/2008"]
[Site "?"]
[Date "2007.11.04"]
[Round "4.5"]
[White "Pobjecky, Ivan"]
[Black "Obdrzalkova, Anita"]
[Result "1-0"]
[WhiteElo "2040"]
[BlackElo "2064"]
[PlyCount "49"]
[EventDate "2007.??.??"]

1. e4 c5 2. Nf3 d6 3. d4 cxd4 4. Nxd4 Nf6 5. Nc3 a6 6. Bg5 e6 7. f4 b5 8. Qf3
Bb7 9. O-O-O Nbd7 10. a3 Qb6 11. g4 Rc8 12. Bxf6 Nxf6 13. Bg2 Rc4 14. g5 Rxd4
15. gxf6 Rxd1+ 16. Rxd1 gxf6 17. f5 Bh6+ 18. Kb1 Ke7 19. Qg4 Qe3 20. e5 d5 21.
Qb4+ Kd8 22. fxe6 Qxe5 23. Bxd5 Kc8 24. Qc5+ Qc7 25. Bxb7+ 1-0

[Event "SR 2. liga A 2007/2008"]
[Site "?"]
[Date "2007.11.04"]
[Round "4.6"]
[White "Michal, Silvio"]
[Black "Nagy, Tomas"]
[Result "0-1"]
[WhiteElo "2083"]
[BlackElo "2183"]
[PlyCount "74"]
[EventDate "2007.??.??"]
[TimeControl "240+2"]

{74MB, Hiarcs10.ctg} 1. Nf3 c5 2. g3 Nc6 3. Bg2 Nf6 4. c4 d6 5. Nc3 g6 6. d4
cxd4 7. Nxd4 Bd7 8. Bg5 Bg7 9. Nc2 O-O 10. Qd2 Qc8 11. Rc1 Bh3 12. O-O Bxg2 13.
Kxg2 Qg4 14. b3 Ne4 15. Nxe4 Qxe4+ 16. f3 Qe6 17. e4 a5 18. a4 Rfc8 19. Rfe1
Qe5 20. Rcd1 Qb2 21. Rb1 Qa2 22. Red1 h6 23. Be3 Kh7 24. Qc1 b5 25. axb5 a4 26.
b4 Ne5 27. c5 Nc4 28. Kh1 Nxe3 29. Nxe3 Qe2 30. b6 Rab8 31. Rf1 Rxb6 32. Nd5
Ra6 33. Nxe7 Re8 34. cxd6 Rxd6 35. Nd5 Rxe4 36. fxe4 Qxe4+ 37. Kg1 Bd4+ 0-1